Automatic Detection of the Need for Cross-Linking Surgery in Keratoconus Disease via Machine Learning and Imaging Multidimensional Data
Gespeichert in:
| 1. Verfasser: | |
|---|---|
| Weitere Verfasser: | |
| Format: | Manuskript Buch |
| Sprache: | Slowakisch Englisch |
| Veröffentlicht: |
2024
|
| Schlagworte: | |
| Online-Zugang: | http://is.stuba.sk/zp/portal_zp.pl?podrobnosti=177074 |
| Tags: |
Keine Tags, Fügen Sie das erste Tag hinzu!
|
MARC
| LEADER | 00000ntm a22000003a 4500 | ||
|---|---|---|---|
| 001 | stuzp100117 | ||
| 003 | SK-STU | ||
| 005 | 20240608213353.4 | ||
| 007 | ta | ||
| 008 | 150427s2015----xo-----f-mn---000-0-slo-d | ||
| 040 | |a STU |b slo | ||
| 041 | 0 | |a eng | |
| 100 | 1 | |a Gaža, Ladislav |u 070200 |4 aut |U FIIT Fakulta informatiky a informačných technológií |T FIIT Ústav informatiky, informačných systémov a softvérového inžinierstva |X 102920 |U I200 |Y 179 |7 102920 | |
| 242 | 0 | 1 | |a Automatická detekcia potreby operácie očnej rohovky s chorobou Keratoconus s využitím strojového učenia pre viacrozmerné dáta |y slo |
| 245 | 1 | 0 | |a Automatic Detection of the Need for Cross-Linking Surgery in Keratoconus Disease via Machine Learning and Imaging Multidimensional Data |
| 260 | |c 2024 | ||
| 650 | 4 | |a CXL |2 slo | |
| 650 | 4 | |a strojové učenie |2 slo | |
| 650 | 4 | |a Keratoconus |2 slo | |
| 650 | 4 | |a machine learning |2 eng | |
| 650 | 4 | |a Keratoconus |2 eng | |
| 650 | 4 | |a CXL |2 eng | |
| 700 | 1 | |a Czanner, Gabriela |u 070200 |k Z8 |4 ths |U FIIT Fakulta informatiky a informačných technológií |T FIIT Ústav informatiky, informačných systémov a softvérového inžinierstva |X 111924 |U I200 |Y 179 |7 111924 | |
| 856 | 4 | |u http://is.stuba.sk/zp/portal_zp.pl?podrobnosti=177074 | |